| 000 | 00620nam a22002057a 4500 | ||
|---|---|---|---|
| 005 | 20100814114824.0 | ||
| 010 | _aENG-100351 | ||
| 020 | _c30.00 | ||
| 035 | _aEN-83883 | ||
| 037 | _bDBAD/PUB | ||
| 082 | _a233 | ||
| 100 |
_aSadar, P. S. _913180 |
||
| 245 |
_aOrigin of Shiv Dharma / _cby P. S. Sadar |
||
| 260 |
_aNagpur _bPurushottam Shriram Sadar |
||
| 270 |
_a71, Kowal Nagar _bNagpur _e440022 |
||
| 300 |
_a58p. _c20cm (pbk) |
||
| 650 |
_aSaivism _913181 |
||
| 942 |
_2ddc _cEN _h233 _mSAD |
||
| 999 |
_c41828 _d41828 |
||